| 000 | 01793 a2200241 4500 | ||
|---|---|---|---|
| 003 | Nust | ||
| 005 | 20170207154023.0 | ||
| 020 | _a0-7821-4017-3 (pbk) | ||
| 040 | _cNust | ||
| 082 | 0 | _a005.117 | |
| 082 | 0 | _a005.117 | |
| 100 | 1 | _aBoggs, Wendy | |
| 245 | 0 | 0 |
_aMastering UML with Rational Rose 2002 (E-BOOK) _cWendy Boggs, Michael Boggs |
| 260 |
_aSan Francisco, CA : _bSYBEX, _ccop. 2002 |
||
| 300 |
_a677 s. + _eCD-ROM |
||
| 505 | _aIntroduction to UML (Page-4) A Tour of Rose (Page-27) Business Modeling (Page-61) Use Cases and Actors (Page-108) Object Interaction (Page-159) Object Interaction (Page-162) Classes and Packages (Page-201) Classes and Packages (Page-209) Attributes and Operations (Page-251) Attributes and Operations (Page-282) Relationships (Page-301) Relationships (Page-340) Object Behavior (Page-341) Component View (Page-360) Deployment View (Page-381) Introduction to Code Generation and Reverse Engineering Using Rational Rose (Page-401) Introduction to Code Generation and Reverse Engineering Using Rational Rose (Page-410) ANSI C++ and Visual C++ Code Generation and Reverse Engineering (Page-417) Java Code Generation and Reverse Engineering (Page-447) Java Code Generation and Reverse Engineering (Page-471) Visual Basic Code Generation and Reverse Engineering (Page-493) XML DTD Code Generation and Reverse Engineering (Page-541) XML DTD Code Generation and Reverse Engineering (Page-547) CORBA/IDL Code Generation and Reverse Engineering (Page-567) Rose Data Modeler (Page-610) Web Modeling (Page-657) | ||
| 650 | 7 | _aObject-oriented programming (Computer science) | |
| 650 | 7 | _aObject-oriented programming (Computer science) | |
| 650 | 7 | _aObjektorienterad programmering | |
| 650 | 7 | _aUML (Computer science) | |
| 651 | _aE-BOOK | ||
| 700 | 1 | _aBoggs, Michael | |
| 942 |
_2ddc _cBK |
||
| 999 |
_c191753 _d191753 |
||